| 000 | 00912nmc a2200337 a 4500 | ||
|---|---|---|---|
| 003 | AR-BaBNM | ||
| 005 | 20251128203917.0 | ||
| 008 | 245119s1992 ||||||||||||||000 | spa|| | ||
| 020 | _a950-802-004-0 | ||
| 040 | _cAR-BaBNM | ||
| 245 | 1 | 0 |
_aEducación liberadora _bbases antropológicas y pedagógicas |
| 260 |
_aBuenos Aires _bEspacio _c1992 |
||
| 300 | 0 | _a63 p. | |
| 490 | 0 | _aDidáctica | |
| 500 | 0 | _aContiene anexos | |
| 650 | 4 | _aEDUCACION DE ADULTOS | |
| 650 | 4 | _aALFABETIZACION FUNCIONAL | |
| 650 | 4 | _aPAISES EN DESARROLLO | |
| 650 | 4 | _aTEORIA DEL CONOCIMIENTO | |
| 650 | 4 | _aFILOSOFIA DE LA EDUCACION | |
| 650 | 4 | _aALFABETIZACION DE ADULTOS | |
| 650 | 4 | _aPEDAGOGIA | |
| 651 | 4 | _aAmérica Latina | |
| 653 | _aEDUCACION POPULAR | ||
| 700 | 1 | _aFreire, Paulo | |
| 700 | 1 | _aFiori, Hernani | |
| 700 | 1 | _aFiori, José Luis | |
| 700 | 1 | _aOliva Gil, José | |
| 942 | _cBK | ||
| 998 | _cGrace | ||
| 999 |
_c5437 _d5437 |
||